| 000 | 00423 a2200145 4500 | ||
|---|---|---|---|
| 999 |
_c1007 _d1007 |
||
| 020 | _a047170762 | ||
| 050 | _aG1021 VER 2000 | ||
| 100 |
_aVeregin, Howard _eeditor |
||
| 245 |
_aGoode's world atlas _cHoward Veregin |
||
| 264 |
_aUSA: _bRand mcnally and company _c2000 |
||
| 300 |
_a372p. _bill.(col.) |
||
| 500 | _aIncludes bibliographical references and index | ||
| 650 | _aAtlases | ||
| 942 |
_2lcc _cBK _e21th ed _h1021 _iVER _kG |
||